000 00280nam a2200109Ia 4500
001 1272270
005 20260417151425.0
008 260417s9999 xx 000 0 und d
020 _a9786256792128
245 0 _aGüzel Sözler Koleksiyoncusu
_cKorkut Emre
260 _bKetebe Çocuk
999 _c1272270
_d1272270